Statistics for Largest European Country by Category

Click here to take the quiz!

General Stats

  • This quiz has been taken 96 times
  • The average score is 13 of 15

Answer Stats

Largest...Country% Correct
with land in EuropeRussia
100%
completely in EuropeUkraine
97%
along the Mediterranean SeaFrance
92%
of former YugoslaviaSerbia
91%
to have land on mainland AfricaSpain
89%
completely on islandsUnited Kingdom
89%
along the Adriatic SeaItaly
87%
along the Baltic SeaSweden
87%
of the Baltic countriesLithuania
83%
of the Benelux countriesNetherlands
83%
landlocked countryBelarus
79%
without any land bordersIceland
79%
along the Danube RiverGermany
77%
completely enclaved by another countrySan Marino
77%
without any natural riversMalta
49%

Score Distribution

Percentile by Number Answered

Percent of People with Each Score

Your Score History

You have not taken this quiz